000 00634nam a2200229Ia 4500
003 GCL
008 140319s9999 xx 000 0 ara d
040 _aGCL /
_cGCL
082 0 4 _aق
_b962.32
_bف ق
100 1 _aفريد فودة
245 1 0 _aالقاهرة لها قصة وتاريخ /
_cفريد فودة
260 _a[S.N] :
_bدار الكتب المصرية
300 _a48
490 _a
650 0 4 _aمصر
650 0 4 _aالدولة الفاطمية
650 0 4 _aالتاريخ
650 0 4 _aالقاهرة
650 0 4 _aاسماعيل باشا
650 0 4 _aالفتح الاسلامى
942 _2ddc
_cBK
999 _c28869
_d28869